Blitz #1 Sequal - Statistics

General Stats
  • This quiz has been taken 47 times
  • The average score is 24 of 26
Answer Stats
Hint Answer % Correct
A a
100%
B b
100%
C c
96%
D d
96%
E e
96%
F f
96%
G g
96%
H h
96%
I i
96%
J j
96%
K k
96%
L l
96%
M m
96%
N n
96%
O o
96%
P p
96%
Q q
96%
R r
96%
S s
93%
T t
93%
U u
93%
V v
85%
W w
81%
X x
81%
Y y
78%
Z z
78%
No matching quizzes found
Score Distribution
Percent of People with Each Score
Percentile by Number Answered
Your Score History
You have not taken this quiz